000 00314 a2200157 4500
001 162713
020 _a
040 _cMagnum
100 _aBrindeiro, Myriam
240 1 0 _aCapelinha de melao
_lpor
245 1 0 _aCapelinha de melao
362 0 _a1899
440 1 _aBagaço
697 _aI/GERAL
942 _cBK
999 _c162713
_d162713